00444nam a22001337a 4500003000400000008004100004020001800045082001500063100001800078245013900096250001100235260005600246300000800302OSt240501b |||||||| |||| 00| 0 eng d a9789354539961 a344.01 SRI aSRIVASTAVA,SC aIndustrial Relations and Labour Laws: Including labour laws on social security, wages, minimum standards of Employment and Labour Code a8th ed aNoidabVikas Publishing House Private Limitedc2023 a800